Normal view MARC view
  • Sonvanee Om Prakash And Sahu Yogeshwari

Entry Personal Name

Number of records used in: 3

001 - CONTROL NUMBER

  • control field: 40311

003 - CONTROL NUMBER IDENTIFIER

  • control field: OSt

005 - DATE AND TIME OF LATEST TRANSACTION

  • control field: 20260509134332.0

008 - FIXED-LENGTH DATA ELEMENTS

  • fixed length control field: 260509|| aca||aabn | a|a d

040 ## - CATALOGING SOURCE

  • Original cataloging agency: OSt
  • Transcribing agency: OSt

100 ## - HEADING--PERSONAL NAME

  • Personal name: Sonvanee Om Prakash And Sahu Yogeshwari

670 ## - SOURCE DATA FOUND

  • Source citation: Work cat.: (OSt)90283: Sonvanee Om Prakash And Sahu Yogeshwari , Agricultural Finance And Co-operation , कृषि वित्त एवम सहकारिता, 2024


House of Wisdom: Central Library
Suresh Gyan Vihar University, Mahal, Jagatpura Jaipur,India.
Contact – Dr. Pramod Singh, Chief Librarian
Contact – 9413326520
E-mail: pramod.singh@mygyanvihar.com
             
Implemented & Customized by: BestBookBuddies

Powered by Koha